000 01020nam a22003257a 4500
003 CHAP
005 20220329135257.0
008 971013s1966 r 00010 d
010 _a33691
011 _a34663
035 _a38779
040 _cCHAP
082 _a574.193
_bM43
100 0 0 _aMedvedev, Zh. A.
_974145
245 _aProtein biosynthesis and problems of heredity development and ageing
260 _aNew York :
_bPlenum,
_c1966
300 _a584 p.
_b: ilus
590 _aBATCH-UPD
_b10
_c20130110
_lUCH01
_h0234
590 _aBATCH-UPD
_b10
_c20130110
_lUCH01
_h1829
590 _aBATCH-UPD
_b10
_c20130409
_lUCH01
_h2259
590 _aBATCH-UPD
_b10
_c20130410
_lUCH01
_h1202
590 _aBATCH-UPD
_b10
_c20130914
_lUCH01
_h0639
590 _aCONVERSION
_b10
_c20130109
_lUCH01
_h1319
650 1 4 _aBiosíntesis.
_912868
650 1 4 _aHerencia.
_953725
650 1 4 _aProteínas.
_992446
901 _aBK
942 _cLIBRO
949 _a574.193 M43
_bBC
_cLIBRO
_d33724000598223
_eLIBRO
_h12709
_i38779
_sb
_t337.50
999 _c33691
_d33691